[Event "Lille Luce op 6th"]
[Site "Lille"]
[Date "2015.??.??"]
[Round "8.62"]
[White "Lemoine, Jean Pierre"]
[Black "Manducher, Matthieu"]
[Result "1/2-1/2"]
[WhiteElo "1608"]
[BlackElo "1457"]
[PlyCount "74"]
[EventDate "2015.05.04"]
[EventType "swiss"]
[EventRounds "9"]
[EventCountry "FRA"]
[SourceTitle "EXT 2017"]
[Source "ChessBase"]
[SourceDate "2016.10.25"]
[SourceVersion "1"]
[SourceVersionDate "2016.10.25"]
[SourceQuality "1"]

1. e4 e5 2. Nf3 Nc6 3. Bc4 Bc5 4. 0-0 Nf6 5. d4 exd4 6. e5 Ng8 7. Re1 Nge7 8. Ng5 0-0 9. Qh5 h6 10. Nxf7 Rxf7 11. Qxf7+ Kh8 12. Bxh6 Qg8 13. Bg5 Qxf7 14. Bxf7 b6 15. Re4 Nf5 16. Rf4 d6 17. e6 Nh6 18. e7 Bd7 19. Bg6 d5 20. Rf8+ Rxf8 21. exf8Q+ Bxf8 22. Nd2 Ne5 23. Bh5 g6 24. Bf6+ Bg7 25. Bxg7+ Kxg7 26. Bf3 Be6 27. h3 c5 28. Re1 Kf6 29. g4 g5 30. h4 Nhf7 31. h5 Nxf3+ 32. Nxf3 Bxg4 33. Nd2 Ne5 34. Kg2 Bxh5 35. Rh1 Kg6 36. Re1 Kf6 37. Rh1 Kg6 1/2-1/2

[Event "Le Touquet op 23rd"]
[Site "Le Touquet"]
[Date "2008.10.28"]
[Round "4"]
[White "Lemoine, Jean Pierre"]
[Black "Renard, Stephane"]
[Result "0-1"]
[WhiteElo "1710"]
[BlackElo "1939"]
[PlyCount "86"]
[EventDate "2008.10.25"]
[EventType "swiss"]
[EventRounds "9"]
[EventCountry "FRA"]
[SourceTitle "EXT 2020"]
[Source "ChessBase"]
[SourceDate "2019.10.17"]
[SourceVersion "1"]
[SourceVersionDate "2019.10.17"]
[SourceQuality "1"]

1. e4 c5 2. c3 d5 3. exd5 Qxd5 4. Nf3 Nc6 5. h3 e5 6. Na3 a6 7. Bc4 Qd6 8. Ng5 Nh6 9. 0-0 b5 10. Bb3 c4 11. Bc2 Bf5 12. Qf3 Bxc2 13. Nxc2 Rd8 14. b3 f5 15. bxc4 bxc4 16. Ba3 Qd5 17. Qxd5 Rxd5 18. Bxf8 Kxf8 19. d4 cxd3 20. Ne3 Rd6 21. Rab1 Ke7 22. c4 Kf6 23. h4 Ne7 24. Rb7 e4 25. Rfb1 g6 26. Kf1 Ng4 27. Nd1 Ne5 28. c5 Rc6 29. R7b6 h6 30. Nh3 Rhc8 31. Nf4 Nd7 32. Rb7 Nxc5 33. R7b2 g5 34. Nh3 Na4 35. hxg5+ hxg5 36. Rb7 Nc3 37. Nxc3 Rxc3 38. R7b6+ R8c6 39. Rxc6+ Rxc6 40. Ke1 Nd5 41. Rb8 g4 42. Rf8+ Ke7 43. Rxf5 gxh3 0-1

[Event "Nord Pas de Cal-chT"]
[Site "Lille"]
[Date "2004.??.??"]
[Round "1.13"]
[White "Bosch, Joachim"]
[Black "Lemoine, Jean Pierre"]
[Result "1-0"]
[WhiteElo "1970"]
[BlackElo "1520"]
[PlyCount "79"]
[EventDate "2004.04.??"]
[EventType "team-swiss"]
[EventRounds "7"]
[EventCountry "FRA"]
[SourceTitle "EXT 2005"]
[Source "ChessBase"]
[SourceDate "2004.11.15"]
[SourceVersion "1"]
[SourceVersionDate "2004.11.15"]
[SourceQuality "1"]

1. d4 Nf6 2. c4 d5 3. Nc3 e6 4. Bg5 Be7 5. e3 Nbd7 6. Nf3 0-0 7. Qc2 c5 8. dxc5 Nxc5 9. cxd5 Nxd5 10. Nxd5 exd5 11. Bxe7 Qxe7 12. Bd3 Nxd3+ 13. Qxd3 Be6 14. 0-0 Rac8 15. Rac1 Rc7 16. Rxc7 Qxc7 17. Ng5 g6 18. Qd4 b6 19. Qh4 h5 20. h3 Kg7 21. Qd4+ Kh6 22. h4 Qc4 23. Nxe6 fxe6 24. Qxc4 dxc4 25. Rd1 Rf7 26. Rd6 Re7 27. Rc6 b5 28. a4 bxa4 29. Rxc4 Rb7 30. Rxa4 Kg7 31. Kh2 Kf6 32. Kg3 Kf5 33. f3 Kf6 34. e4 Rxb2 35. Rxa7 Re2 36. Ra5 Re1 37. Kf4 Rh1 38. g3 Kf7 39. Ra7+ Ke8 40. Rg7 1-0

[Event "Nord Pas de Cal-chT"]
[Site "Lille"]
[Date "2004.??.??"]
[Round "4.9"]
[White "Legrand, Patrick A"]
[Black "Lemoine, Jean Pierre"]
[Result "1-0"]
[WhiteElo "1994"]
[BlackElo "1520"]
[PlyCount "43"]
[EventDate "2004.04.??"]
[EventType "team-swiss"]
[EventRounds "7"]
[EventCountry "FRA"]
[SourceTitle "EXT 2005"]
[Source "ChessBase"]
[SourceDate "2004.11.15"]
[SourceVersion "1"]
[SourceVersionDate "2004.11.15"]
[SourceQuality "1"]

1. e4 e6 2. d4 d5 3. e5 c5 4. c3 Nc6 5. Nf3 Bd7 6. Be2 Qb6 7. 0-0 Nge7 8. Na3 Nf5 9. Nc2 cxd4 10. cxd4 Nb4 11. Nxb4 Bxb4 12. g4 Nh6 13. h3 Bb5 14. Bxb5+ Qxb5 15. Qb3 Qc4 16. Qa4+ b5 17. Qa6 Qe2 18. Qc6+ Ke7 19. Bg5+ f6 20. exf6+ gxf6 21. Qb7+ Kf8 22. Bxh6+ 1-0